| 000 | 00495nam a2200169 a 4500 | ||
|---|---|---|---|
| 001 | 000031809 | ||
| 005 | 20200930063210.0 | ||
| 008 | 110706s1957 cu abc 000 0 spa d | ||
| 040 |
_aDO-SdBNP _bspa _cBNPHU |
||
| 082 |
_axxx _bS816c |
||
| 100 | 1 |
_aStefanich, Blas _958023 |
|
| 245 | 1 | 0 |
_aComunismo sin máscara / _cBlas Stefanich. |
| 250 | _a7a ed. | ||
| 260 |
_a[Cuidad Trujillo, República Dominicana] : _b[s.n], _c[1957]. |
||
| 300 |
_a200 p. : _bil., maps., retrs. ; _c23 cm. |
||
| 049 | _aBNPD | ||
| 999 |
_c31301 _d31301 |
||